000 00478nam a2200217 454500
001 078129
003 BD-ChCU
008 Eng
020 _a
040 _aDLC
_cDLC
_dBD-ChCU
082 0 0 _a184/LOP
100 1 _aLodge, Rupert C.
_b-
245 1 0 _aThe philosophy of plato
_b-
250 _a-
260 _aLond,
_bRoutledge
_c1956
300 _aix,347p
504 _a
650 0 _aPhilosophy, Ancient.
_bPhilosophy, Ancient.
700 1 _a-
942 _2ddc
_cBK
999 _c78129
_d78129